Quiz Culture G. (17) - Statistiques

Statistiques générales
  • Ce quiz a été pris 153 fois
  • Le résultat moyen est 7 sur 20
Statistiques - réponses
Réponse % Correct
Quel pays a accueilli la première coupe du monde de football ? Uruguay
71%
Quel mot Archimède a-t-il prononcé après avoir découvert son théorème sur la "poussée" ? Eureka
69%
Quel est le plus jeune Premier Ministre français de l'histoire ? (Prénom et Nom) Gabriel Attal
64%
Quelle émission télé a révélé Norbert Tarayre ou encore Mory Sacko ? Top chef
59%
A quelle enseigne appartient ce slogan : le vrai prix des bonnes choses ? Lidl
57%
Quel club de Ligue 1 joue ses matchs à domicile à Félix Bollaert ? Lens
52%
Quelle ville européenne est connu pour le Pont Charles, son Château et son quartier juif ? Prague
37%
Dans quel sport s'illustre la Française Mélanie De Jésus Dos Santos ? Gymnastique
35%
Quel aliment est associé à la ville bretonne de Roscoff ? Oignon
35%
Quel vent provenant du Sahara amène des particules de sable parfois jusqu'en France ? Sirocco
33%
Qui a réalisé "La mort aux trousses" ? (Prénom et Nom) Alfred Hitchcock
29%
Avec la Finlande et la Suède quel est le 3eme pays qui fêtera les 30 ans de son entrée dans l'Union Européenne en 2025 ? Autriche
29%
Dans quel pays peut on visiter le Parc Kruger ? Afrique du Sud
28%
Quel synonyme de imberbe est souvent utilisé pour qualifier quelqu'un sans poil ou sans barbe ? Glabre
25%
En 2024 quel rappeur est révélé par sa chanson "Imagine" ? Carbone
24%
A quel peintre italien doit-on le tableau "les 3 grâces" ? Raphaël
20%
En 2005 quel groupe se fait connaître avec son single "Durch den Monsun" ? Tokio Hotel
19%
Lorsque un corps souffre de Sidéropénie, de quoi manque-t-il ? Fer
18%
Après l'Auberge espagnole et les Poupées russes, en 2013, quel est le titre du 3e film de cette saga signé Cédric Klapisch ? Casse tête chinois
15%
Quel écrivain américain spécialisé dans les romans policiers a notamment écrit "Ne le dis à personne" ? (Prénom et Nom) Harlen Coben
12%
Aucun quiz correspondant
Distribution des résultats
% des personnes avec chaque résultat
Percentile par nombre de réponses
Votre historique - résultats
Vous n’avez pas pris ce quiz